| 000 | 00844cam a22002775i 4500 | ||
|---|---|---|---|
| 001 | 18686532 | ||
| 003 | ARRUPE | ||
| 005 | 20160118152810.0 | ||
| 008 | 150706s2014 za b 000 0 eng | ||
| 010 | _a 2014322631 | ||
| 020 | _a9982014430 | ||
| 040 |
_aDLC _beng _cDLC _erda |
||
| 042 | _alcode | ||
| 050 | _aJQ2829.C6M234 2016 | ||
| 100 | 1 |
_aMajula, Roger R. _921514 |
|
| 245 | 1 | 4 |
_aThe impact of corruption on public administration / _cby Majula, Roger R. |
| 250 | _aRevised edition. | ||
| 260 |
_aLusaka _bZambia Educational Pub. House _c2014 |
||
| 300 |
_aix, 304 pages ; _c26 cm |
||
| 504 | _aIncludes bibliographical references. | ||
| 650 |
_aCorruption _zZambia _921515 |
||
| 651 |
_aZambia _zPolitics _921516 |
||
| 906 |
_a0 _bibc _corigode _d3 _encip _f20 _gy-gencatlg |
||
| 942 |
_2lcc _cMONOGRAPH |
||
| 999 |
_c123943 _d123943 |
||